000 00570nam a2200193Ia 4500
003 GCL
008 140319s9999 xx 000 0 ara d
040 _aGCL /
_cGCL
082 0 4 _a843.03
_bا ش
100 1 _aممدوح عدوان
245 1 0 _aالشيخ والوسام : رواية /
_cممدوح عدوان
700 1 _aاويونو, فردنياند
300 _a160 ص
490 _a
650 0 4 _aالقصص الفرنسية
650 0 4 _aالادب الفرنسى المترجم
650 0 4 _aالادب العالمى المترجم
942 _2ddc
_cBK
999 _c45738
_d45738